000 01176cab a22002055a 4500
001 L142728
008 080304e20080229xxk f 000 0 eng d
035 _a(Sirsi) u142728
041 0 _aeng
100 1 _aBelsten, Nick
245 0 0 _aSafety catch
260 _c2008
490 _aPlanning (for the Natural and Built Environment)
_v(1758) 29 February 2008, 16-17(2)
520 _aReports on obstacles which are being encountered in the drive toward residential development on brownfield land. Describes the operation of the hazard assessment model. Planners are seen as being overly cautious in respect of potential hazards such as gas holders. This stance has arisen in reaction to the Buncefield oil depot explosion. However, the materials and technology involved in gas holders are significantly different to the circumstances at Buncefield. The usefulness of the Health and Safety Executive's method of providing advice to planning authorities is called into question.
590 _aKA
651 4 _aUnited Kingdom
_y
690 _aPROPERTY-PROPERTY MANAGEMENT-REGENERATION
690 _aPROPERTY-RESIDENTIAL PROPERTY-RESIDENTIAL PROPERTY DEVELOPMENT
942 _n0
999 _c79923
_d79923